Caricamento...
Managers handbook for total quality management /
| Autore principale: | |
|---|---|
| Natura: | Printed Book |
| Lingua: | English |
| Pubblicazione: |
New Delhi :
Beucon Books,
1998.
|
| LEADER | 00512nam a2200133Ia 4500 | ||
|---|---|---|---|
| 008 | 150624b xxu||||| |||| 00| 0 eng d | ||
| 082 | |a 658.4013SAR/M | ||
| 100 | |a Sarkar, Debashis | ||
| 245 | |a Managers handbook for total quality management / |c Debashis Sarkar | ||
| 260 | |a New Delhi : |b Beucon Books, |c 1998. | ||
| 300 | |a 200 p. | ||
| 942 | |c BK | ||
| 999 | |c 49210 |d 49210 | ||
| 952 | |0 1 |1 0 |4 1 |6 658_000000000000000_4013SAR_M |7 0 |9 49188 |a UL |b UL |c ST1 |d 1998-08-27 |l 2 |m 1 |o 658.4013SAR/M |p 71644 |r 2014-08-02 |s 2014-06-22 |v 375.00 |w 2012-10-27 |y BK | ||